000 00677cam a2200241 i 4500
001 108582
005 20230410103618.0
008 130130s2006 nyua 000 0 eng
010 _a2005026169
020 _a9781403962560
020 _a1403962561
041 0 _aeng
050 1 4 _a130 F 1436
_bP359h 2006
100 1 _aPearcy, Thomas L.,
_d1960-
245 1 4 _aThe history of Central America /
_bThomas L. Pearcy
260 _aNew York :
_bPalgrave Macmillan,
_c2006
300 _a167 p. :
_bill. ;
_c21 cm
440 0 _aPalgrave essential histories
651 0 _aCentral America
_xHistory.
651 4 _aAmérica Central
_xHistoria.
942 _2lcc
_cbk
946 _adpf
999 _c22411
_d22411